The green imperative : (Record no. 352458)

000 -LEADER
fixed length control field 00837 a2200253 4500
003 - CONTROL NUMBER IDENTIFIER
control field OSt
005 - DATE AND TIME OF LATEST TRANSACTION
control field 20180116192335.0
008 - FIXED-LENGTH DATA ELEMENTS--GENERAL INFORMATION
fixed length control field 120419t xxu||||| |||| 00| 0 eng d
010 ## - LIBRARY OF CONGRESS CONTROL NUMBER
LC control number 95060281
020 ## - INTERNATIONAL STANDARD BOOK NUMBER
International Standard Book Number 0500278466
035 ## - SYSTEM CONTROL NUMBER
System control number (OCoLC)33252070
040 ## - CATALOGING SOURCE
Transcribing agency 0
082 00 - DEWEY DECIMAL CLASSIFICATION NUMBER
Classification number 745.2
100 1# - MAIN ENTRY--PERSONAL NAME
Personal name Papanek, Victor J.
9 (RLIN) 777
245 14 - TITLE STATEMENT
Title The green imperative :
Remainder of title natural design for the real world /
Statement of responsibility, etc. Victor Papanek.
260 ## - PUBLICATION, DISTRIBUTION, ETC.
Place of publication, distribution, etc. New York :
Name of publisher, distributor, etc. Thames and Hudson,
Date of publication, distribution, etc. 1995.
300 ## - PHYSICAL DESCRIPTION
Extent 256 p. :
Other physical details ill. (some col.) ;
Dimensions 24 cm.
500 ## - GENERAL NOTE
General note Includes bibliographical refrences and index
650 #0 - SUBJECT ADDED ENTRY--TOPICAL TERM
Topical term or geographic name entry element Industrial design.
9 (RLIN) 778
650 #0 - SUBJECT ADDED ENTRY--TOPICAL TERM
Topical term or geographic name entry element Industrial design
General subdivision Environmental aspects.
9 (RLIN) 779
650 #0 - SUBJECT ADDED ENTRY--TOPICAL TERM
Topical term or geographic name entry element Human engineering.
9 (RLIN) 780
942 ## - ADDED ENTRY ELEMENTS (KOHA)
Institution code [OBSOLETE] SADA
Koha item type Book
Call number prefix 745.2 PAP 1995
Source of classification or shelving scheme
Holdings
Withdrawn status Lost status Source of classification or shelving scheme Damaged status Not for loan Permanent Location Current Location Date acquired Total Checkouts Full call number Barcode Date last seen Date last checked out Cost, replacement price Price effective from Koha item type
          School of Art Design and Architecture (SADA) School of Art Design and Architecture (SADA) 09/29/2010 2 745.2 PAP 1995 SADA0000274 01/13/2015 12/09/2014 1815.00 08/05/2011 Book
© 2023 Central Library, National University of Sciences and Technology. All Rights Reserved.